[Event "Lanaudiere U1400"]
[Site "Repentigny"]
[Date "2008.08.16"]
[Round "2"]
[White "Blais, Vincent"]
[Black "Laporte, Michel"]
[Result "0-1"]
[WhiteElo "1234"]
[BlackElo "1374"]
[PlyCount "68"]
[EventDate "2008.08.15"]
[EventType "swiss"]
[EventRounds "5"]
[EventCountry "CAN"]
[SourceTitle "EXT 2011"]
[Source "ChessBase"]
[SourceDate "2010.11.26"]
[SourceVersion "1"]
[SourceVersionDate "2010.11.26"]
[SourceQuality "1"]

1. e4 c5 2. Nf3 Nc6 3. Be2 d6 4. Nc3 Nf6 5. 0-0 g6 6. d3 Bg7 7. Nd5 0-0 8. h4 Ng4 9. Ng5 h5 10. c3 f6 11. Nh3 Nge5 12. Nhf4 e6 13. Ne3 f5 14. Qb3 Na5 15. Qd1 Qxh4 16. d4 Qxf4 17. Nc4 Qxe4 18. dxe5 Nxc4 19. Bxc4 Qxc4 20. exd6 b6 21. Re1 Bb7 22. f3 Qd5 23. Bg5 Qxd1 24. Raxd1 Bf6 25. Bf4 g5 26. Be5 Bxe5 27. Rxe5 Bd5 28. b3 c4 29. Rexd5 exd5 30. Rxd5 cxb3 31. axb3 Rad8 32. g4 hxg4 33. fxg4 Rf6 34. gxf5 Rdxd6 0-1